Liedtext - Bochum - Herbert Grönemeyer - Statistiken

Allgemein
  • Dieses Quiz wurde 1.618 mal gespielt
  • Das Durchschnittsergebnis liegt bei 93 aus 138
Antwortstatistiken
Textquiz % Korrekt
Bochum
98%
Ich
94%
aus
91%
dir
90%
Du
90%
komm'
89%
bist
83%
Bist
83%
im
83%
die
82%
schon
81%
Wo
81%
wo
81%
keine
79%
Dein
77%
dein
77%
an
76%
auf
76%
Auf
76%
das
75%
Tief
75%
Westen
75%
häng'
74%
es
73%
'ne
73%
Schönheit
73%
in
72%
Ist
72%
Sonne
72%
Und
72%
und
72%
deine
69%
man
69%
Man
69%
als
68%
grau
68%
besser
66%
dich
66%
ganz
66%
Arbeit
65%
Viel
65%
deiner
64%
der
64%
Weltstadt
64%
Düsseldorf
63%
glaubt
63%
Hast
63%
Königsallee
62%
Revier
62%
VFL
62%
Wer
62%
Glück
61%
Blume
58%
ehrliche
58%
Herz
58%
statt
58%
Aber
57%
Finden
57%
Haut
57%
macht
57%
Nicht
57%
verstaubt
57%
Leider
56%
Stahl
56%
total
56%
Vor
56%
noch
55%
ohne
55%
verbaut
55%
wohnt
55%
Hat
54%
mit
54%
Schminke
54%
uns
54%
Gegner
52%
grade
52%
Jeden
52%
nass
52%
Doppelpass
51%
Geld
51%
große
51%
liebst
51%
zählt
51%
Grubengold
50%
Modenschauen
50%
Pulsschlag
50%
wieder
50%
zu
50%
Machst
49%
Nacht
49%
für
48%
Hier
48%
hochgeholt
48%
hört
45%
laut
45%
ihn
44%
'nem
44%
Himmelbett
43%
tauben
43%
bescheiden
42%
Koks
42%
ständig
42%
einfach
41%
Schrebergarten
41%
Laube
40%
hast'n
31%
Keine übereinstimmenden Quizze gefunden
Verteilung der Resultate
Anzahl Personen mit jedem Resultat
Perzentil nach korrekt beantworteten Fragen
Ihre Resultats-Entwicklung
Sie haben dieses Quiz noch nicht gespielt